000 00362nam a2200145Ia 4500
008 230917s9999||||xx |||||||||||||| ||und||
040 _e198608
_aMAIN
041 _aEnglish
082 _a809.3 S71D
100 _aSarker, Sunil Kumar
245 0 _aDictionary of novel
260 _aNew Delhi
_bAtlantic Publishers
_c2010
300 _avii, 205 p.
942 _cBK
999 _c159035
_d159035